LEADER 01708nam 2200541 a 450 001 9910457406103321 005 20200520144314.0 010 $a1-283-35978-2 010 $a9786613359780 010 $a90-272-8105-X 035 $a(CKB)2550000000073879 035 $a(EBL)805767 035 $a(OCoLC)769342180 035 $a(SSID)ssj0000550947 035 $a(PQKBManifestationID)11341241 035 $a(PQKBTitleCode)TC0000550947 035 $a(PQKBWorkID)10524277 035 $a(PQKB)10601643 035 $a(MiAaPQ)EBC805767 035 $a(Au-PeEL)EBL805767 035 $a(CaPaEBR)ebr10517160 035 $a(CaONFJC)MIL1113312 035 $a(EXLCZ)992550000000073879 100 $a19810211d1980 uy 0 101 0 $aeng 135 $aur|n|---||||| 181 $ctxt 182 $cc 183 $acr 200 10$aAspects of Go?ngora's "Soledades"$b[electronic resource] /$fJohn R. Beverley 210 $aAmsterdam $cBenjamins$d1980 215 $a1 online resource (153 p.) 225 1 $aPurdue University monographs in Romance languages ;$vv. 1 300 $aExcerpts in Spanish. 311 $a90-272-1711-4 320 $aIncludes bibliographical references. 327 $apt. 1. Towards a poetics of the Soledades -- pt. 2. Two modes of contradiction in the Soledates -- pt. 3. The architecture of time. 410 0$aPurdue University monographs in Romance languages ;$vv. 1. 608 $aElectronic books. 676 $a861/.3 700 $aBeverley$b John$0387379 801 0$bMiAaPQ 801 1$bMiAaPQ 801 2$bMiAaPQ 906 $aBOOK 912 $a9910457406103321 996 $aAspects of Gongora's "Soledades"$9563733 997 $aUNINA LEADER 02138nam 2200577 450 001 9910798566203321 005 20230808194241.0 010 $a0-19-046214-0 010 $a0-19-046213-2 035 $a(CKB)3710000000751551 035 $a(EBL)4706621 035 $a(PQKBManifestationID)16330543 035 $a(PQKBWorkID)14907819 035 $a(PQKB)21423562 035 $a(Au-PeEL)EBL4706621 035 $a(CaPaEBR)ebr11274963 035 $a(OCoLC)937999558 035 $a(MiAaPQ)EBC4706621 035 $a(EXLCZ)993710000000751551 100 $a20161014h20162016 uy 0 101 0 $aeng 135 $aur|n|---||||| 181 $ctxt 182 $cc 183 $acr 200 10$aParadiplomacy $ecities and states as global players /$fRodrigo Tavares 210 1$aOxford, [England] :$cOxford University Press,$d2016. 210 4$dİ2016 215 $a1 online resource (289 p.) 300 $aDescription based upon print version of record. 311 $a0-19-046211-6 311 $a0-19-046212-4 320 $aIncludes bibliographical references and index. 330 $aParadiplomacy is the definitive first practitioner's guide to foreign policy at the subnational level. In this seminal work, Tavares draws from a unique pool of best practices and case studies from all over the world to provide a comprehensive and critical overview of the conceptual, juridical, operational, organizational, governmental and diplomatic parameters of paradiplomacy. 606 $aSubnational governments$xForeign relations 606 $aMunicipal government$xInternational cooperation 606 $aGlobalization$xPolitical aspects 615 0$aSubnational governments$xForeign relations. 615 0$aMunicipal government$xInternational cooperation. 615 0$aGlobalization$xPolitical aspects. 676 $a327.2 686 $a08.04.08$2EP-CLASS 686 $a08.08$2EP-CLASS 700 $aTavares$b Rodrigo$0606973 801 0$bMiAaPQ 801 1$bMiAaPQ 801 2$bMiAaPQ 906 $aBOOK 912 $a9910798566203321 996 $aParadiplomacy$93798757 997 $aUNINA